000 00740nam a2200289Ia 4500
005 20260324144311.0
008 008 260324s9999 xx 000 0 eng d
020 _a9780203776469
037 _aEBOOK
040 _aCRL
040 _beng
040 _cCRL
041 _2eng
041 _aeng
084 _qCRL
100 _a Zeig; Peter Pearson; Ellyn Bader
_91218808
245 0 _aIn Quest of the Mythical Mate
245 2 _bA Developmental Approach To Diagnosis And Treatment In Couples Therapy
260 _bTaylor and Francis
260 _c1988
365 _a
365 _b82.99
856 _uhttp://www.taylorfrancis.com/books/9780203776469
942 _cEBOOK
999 _c1825269
_d1825269